| 000 | 00708nam a2200265 a 4500 | ||
|---|---|---|---|
| 999 |
_c4980 _d4980 |
||
| 001 | 4980 | ||
| 003 | BD-JhCC | ||
| 005 | 20171206120402.0 | ||
| 008 | 171206s1986 u a|||| || | 001 0 eng d | ||
| 020 | _a0829240942 | ||
| 035 | _a(BD-JhCC)4980 | ||
| 040 |
_aBD-JhCC _dBD-JhCC |
||
| 041 | _aeng | ||
| 082 |
_a418.4 _bFAY 1986 |
||
| 100 | _aFay, Leo | ||
| 245 |
_aGet Set : _bThe Riverside Reading program / _cLeo Fay, |
||
| 260 |
_aChicago : _bThe Riverside Publishing Company, _c1986. |
||
| 300 |
_a112 p. : _bill. ; _c22 cm. |
||
| 504 | _aIncludes Index | ||
| 650 | _aReading (Elementary) | ||
| 700 | _aStoodt, Barbara D. | ||
| 700 | _aHennings, Dorothy Grant | ||
| 942 |
_2ddc _cBK |
||